| 000 | 00338nam a2200121Ia 4500 | ||
|---|---|---|---|
| 008 | 220217s9999||||xx |||||||||||||| ||und|| | ||
| 082 | _a540 JAI | ||
| 100 | _aJaiprakash, B S and others | ||
| 245 | 0 | _aChemistry for engineering students | |
| 260 |
_aSubhas stores _bBangalore _c1999 |
||
| 300 |
_a223p _b120 |
||
| 650 |
_aANTENNAS _9151 |
||
| 999 |
_c164886 _d164886 |
||